000 00801nam a2200265Ia 4500
003 OSt
005 20220926021018.0
006 a|||||r|||| 00| 0
007 ta
008 220923b |||||||| |||| 00| 0 eng d
020 _a0312123701
037 _cGeneral Book
040 _aRTL
_cRTL
_beng
041 _2eng
_aeng
082 _aX9(J):(Z).41.N9, N4
100 _aYao Shujie
_9325595
245 0 _aAgricultural reforms and grain production in China
260 _aNew York
_bSt. Martin's Press USA
_c1994
300 _axviii, 326p.
_ccm.
490 _aStudies on the Chinese Economy
500 _aBibliography P 307-13, Appendix P 197-299
650 _aLand Reforms Industry
942 _hX9(J):(Z).41.N9, N4
_cGB
_2CC
999 _c635476
_d635476